Aristone di Chio e lo stocismo antico.
Furkejuvvon:
| Váldodahkki: | |
|---|---|
| Materiálatiipa: | Girji |
| Almmustuhtton: |
Cercola, Italia:
Bibliopolis,
1980.
|
| Ráidu: | Elenchos,
|
| Fáttát: | |
| Fáddágilkorat: |
Lasit fáddágilkoriid
Eai fáddágilkorat, Lasit vuosttaš fáddágilkora!
|
MARC
| LEADER | 00000nam a22000007a 4500 | ||
|---|---|---|---|
| 003 | CL-VaPUC | ||
| 005 | 20220822114703.0 | ||
| 008 | 220721t1980 ||||| |||| 00| 0 eng d | ||
| 999 | |c 437376 |d 437374 | ||
| 040 | |c Pontificia Universidad Católica de Valparaíso | ||
| 082 | 7 | |a 188 IOP 1980 |2 22 | |
| 100 | 1 | |a Ioppolo, Anna María |e autora |9 873560 | |
| 245 | |a Aristone di Chio e lo stocismo antico. | ||
| 260 | |a Cercola, Italia: |b Bibliopolis, |c 1980. | ||
| 300 | |a 374 páginas. | ||
| 490 | |a Elenchos, |n I. | ||
| 500 | |a c.1 Donación Familia Prof. Alejandro Guzmán Brito. | ||
| 583 | |c 20220721 |k Cristina María Rojas Aguilar | ||
| 600 | |a Aristón de Quíos |x Filósofo estoico |9 873564 | ||
| 650 | |a Estoicismo |9 873565 | ||
| 650 | |a Filosofía estoica |9 866232 | ||
| 942 | |2 ddc |c BK |n 0 | ||
| 952 | |0 0 |1 0 |2 ddc |4 0 |6 188_000000000000000_IOP_1980 |7 0 |8 C_AGB |9 585141 |a BIBDER |b BIBDER |d 2022-07-21 |e Donación |i 5653178 |l 1 |o 188 IOP 1980 |p 5653178 |r 2023-08-24 |s 2023-08-24 |t 1 |w 2022-07-21 |y BK_US |k AGB | ||